Statistics for 2023 AFL Brownlow Medal Top 30

Click here to take the quiz!

General Stats

  • This quiz has been taken 48 times
  • The average score is 20 of 30

Answer Stats

VotesAnswer% Correct
31Lachie Neale
100%
29Marcus
Bontempelli
100%
28Nick
Daicos
100%
26Christian
Petracca
94%
27Errol
Gulden
94%
27Zak
Butters
88%
24Caleb
Serong
79%
21Connor
Rozee
79%
22Patrick
Cripps
79%
20Jordan
Dawson
76%
17Zach
Merrett
76%
17Charlie
Curnow
74%
16Tom
Green
74%
19Tim
Taranto
71%
22Noah
Anderson
68%
20Toby
Greene
68%
15Darcy
Parish
65%
13Jeremy Cameron
65%
17Tom
Liberatore
65%
24Jack
Viney
62%
18Jai
Newcombe
62%
21Jack
Sinclair
56%
20Rory
Laird
56%
13Luke
Davies-Uniacke
53%
16Chad
Warner
47%
16Taylor
Walker
44%
15Jack
Steele
41%
16Jason
Horne-Francis
29%
14Shai
Bolton
29%
18Brad
Crouch
24%

Score Distribution

Percentile by Number Answered

Percent of People with Each Score

Your Score History

You have not taken this quiz